000 00517nam a2200181 4500
001 122239
003 ES-MaACL
005 20251018063103.0
007 t|
008 070214s1971 sp r ||||1| spa d
100 1 _aPound, Ezra,
_d1885-1972
_9242362
245 1 0 _aPatria mía /
_cEzra Pound ; traducción de Mirko Lauer.
260 _aBarcelona :
_bTusquets,
_c1971.
300 _a75 p. ;
_c18 cm.
700 1 _aLauer, Mirko.
_970589
852 _aES-MaACL
_jC-50206
_bR.80562
999 _c122239
_d122239